|
|
|
|
| LEADER |
00000nam a22000007a 4500 |
| 005 |
20210506004614.0 |
| 007 |
cr|||| |||| |
| 008 |
210506s2020 co |||||s|||| 00||0aspa d |
| 020 |
|
|
|a 978-958-665-617-7
|
| 035 |
|
|
|a 33258
|
| 040 |
|
|
|a vLex
|
| 090 |
|
|
|c 11619
|d 11619
|
| 100 |
1 |
|
|a Bonilla Maldonado, Daniel
|
| 245 |
1 |
3 |
|a Los br̀baros jurd̕icos
|h [Recurso electrn̤ico] :
|b Identidad, derecho comparado moderno y el Sur global /
|c Daniel Bonilla Maldonado
|
| 256 |
|
|
|a Servicio en ln̕ea
|
| 260 |
|
|
|a Bogot:̀
|b Siglo del Hombre Editores,
|c 2020
|
| 300 |
|
|
|a 1 recurso electrn̤ico
|
| 500 |
|
|
|a En este libro, Daniel Bonilla Maldonado explora de manera heterodoxa y novedosa las conexiones entre las narrativas que crea el derecho comparado moderno y la identidad del sujeto jurd̕ico moderno. Para cumplir con este objetivo, el libro examina, primero, la relacin̤ entre identidad, derecho y narrativa. En segundo lugar, explora los momentos de emergencia y transformacin̤ del derecho comparado moderno: los estudios comparados instrumentales, los estudios legislativos comparados y el derecho comparado como disciplina autn̤oma. Finalmente, analiza las perspectivas ter̤icas que cuestionan la narrativa creada por el derecho comparado moderno: las Aproximaciones al Derecho Internacional desde el Tercer Mundo (TWAIL), los estudios poscoloniales del derecho y el derecho comparado crt̕ico.
|
| 506 |
1 |
|
|a Disponible solo en los productos indicados
|d vLex Global
|d vLex Global (Academic Edition, excluding Law Schools)
|d vLex Global (U.S. Academic Edition, Law Schools)
|d vLex Global (U.S. Academic Edition, excluding Law Schools)
|d vLex Global (Academic Edition, Law Schools)
|
| 650 |
0 |
4 |
|a Derecho Civil
|z Colombia
|
| 650 |
0 |
4 |
|a Derecho Pb︢lico y Administrativo
|z Colombia
|
| 740 |
0 |
|
|a vLex Libros (Servicio en ln̕ea)
|
| 856 |
4 |
0 |
|u https://vlex.com/source/barbaros-juridicos-identidad-derecho-comparado-moderno-y-el-sur-global-33258
|z Acceso restringido
|
| 942 |
|
|
|c BOOK
|
| 999 |
0 |
|
|a Civil Law
|
| 999 |
0 |
|
|a Public and Administrative Law
|